000
00324nam a22001457a 4500
003
SGT
020
_a
97881170800242
082
_a
615.53
_b
C21S
100
_a
SHARMA, RAM KARAN
245
_a
CARAKA SAMHITA
260
_a
VARANASI
_b
CHAUKHAMBA PUBLISHER
_c
2021
300
_a
221
650
_a
CARAKA SAMHITA
942
_2
ddc
_c
BK
999
_c
22614
_d
22614